Online Catalogue and eLibrary

Pudumaippithan ilakkiatthadam (Record no. 4082)

MARC details
000 -LEADER
fixed length control field 00424nam a2200145Ia 4500
005 - DATE AND TIME OF LATEST TRANSACTION
control field 20250323153019.0
008 - FIXED-LENGTH DATA ELEMENTS--GENERAL INFORMATION
fixed length control field 240331s9999 xx 000 0 und d
082 ## - DDC Classification
Item Number - Author Mark PUD
Class No. 894
245 #0 - TITLE STATEMENT
Title Pudumaippithan ilakkiatthadam
260 ## - PUBLICATION, DISTRIBUTION, ETC.
Place of publication, distribution, etc. Bangalore
Name of publisher, distributor, etc. Kaavya
Date of publication, distribution, etc. 1995
300 ## - PHYSICAL DESCRIPTION
Extent (e.g. Volumes, Pages etc.) 269 p.,
500 ## - GENERAL NOTE
General note A Collection of Introductory, appreciative and Critical essays on Pudumaippithan
700 ## - ADDED ENTRY--PERSONAL NAME
Personal name Krishnaswami, P.
Relator term (Role) Editor
942 ## - Koha item type (Biblio)
Koha item type Books in Stacks (Lending)
Holdings
Lost status Damaged status Collection code Home library Current library Shelving location Date acquired Full call number Accession Number Item type
    Lending WERC Library WERC Library Social Science Cupboard 03/31/2024 894.811 PUD 2608 Books in Stacks (Lending)

© WERC Library